| 000 | 00552nam a22001817a 4500 | ||
|---|---|---|---|
| 008 | 171102b xxu||||| |||| 00| p tur d | ||
| 020 | _a9789756106648 | ||
| 041 | _atur | ||
| 050 | _a PL248.E464 | ||
| 100 |
_aBezirci, Asım _9607 |
||
| 245 | _a Metin Eloğlu Edip Cansever : inceleme antoloji | ||
| 250 | _a1.Basım | ||
| 260 |
_aİstanbul _bEvrensel Basım Yayın _cEylül 2007 |
||
| 300 | _a167 Sayfa | ||
| 500 | _aEvrensel Basım Yayın : 335 Birinci Basım : 1971 (Güney Yayınları) | ||
| 650 | 0 |
_9145 _aTürk Edebiyatı |
|
| 942 |
_2lcc _cBK |
||
| 999 |
_c1617 _d1592 |
||